000 00632nam a2200193 i 4500
001 71989
003 ES-MaACL
005 20250630161401.0
007 t|
008 040823s1977 sp ||||1| spa d
100 0 _aGil de Biedma, Jaime,
_d1929-1990
_956787
245 1 0 _aLuis Cernuda /
_cJaime Gil de Biezma, Juan Gil Albert, Luis Antonio de Villena.
260 _aSevilla :
_bUniversidad de Sevilla,
_c[1977]
300 _a155 p. ;
_c19 cm.
700 1 _aGil-Albert, Juan,
_d1904-1994
_956757
700 1 _aVillena, Luis Antonio de,
_d1951-
_9240059
852 _aES-MaACL
_jA-8743
_bR.97483
999 _c71989
_d71989